Top 50 des prénoms garçons et filles années 1970 - Statistiques

Statistiques générales
  • Ce quiz a été pris 132 fois
  • Le résultat moyen est 48 sur 100
Statistiques - réponses
Prénom % Correct
Marie
84%
Jean
83%
Laure
83%
Nathalie
74%
Stéphane
73%
Stéphanie
73%
Sylvie
72%
François
71%
Isabelle
71%
Laurent
71%
Sandrine
71%
Laurence
70%
Olivier
70%
Philippe
69%
Pierre
69%
Eric
68%
Pascal
68%
Christophe
67%
Nicolas
67%
Céline
66%
Anne
65%
Frederic
65%
Karine
65%
Thierry
65%
Catherine
62%
Michel
62%
Sophie
62%
Sébastien
61%
Christine
60%
David
60%
Fabien
60%
Valérie
59%
Véronique
59%
Julien
58%
Marc
58%
Patrick
58%
Dominique
57%
Florence
57%
Thomas
57%
Bruno
56%
Caroline
56%
Franck
56%
Vincent
56%
Alexandre
55%
Christelle
55%
Alain
54%
Cécile
54%
Patrice
54%
Corinne
52%
Jérome
52%
Emmanuel
51%
Guillaume
49%
Aurélie
48%
Béatrice
48%
Virginie
48%
Patricia
47%
Carole
46%
Didier
46%
Sandra
46%
Hélène
45%
Xavier
45%
Delphine
44%
Fabrice
43%
Audrey
42%
Fabienne
42%
Ludovic
42%
Gilles
41%
Claire
40%
Damien
39%
Arnaud
38%
Cédric
38%
Emmanuelle
38%
Sylvain
38%
Severine
37%
Benoit
35%
Carine
35%
Mickael
35%
Yann
35%
Laetitia
30%
Alexandra
29%
Vanessa
29%
Magali
28%
Yannick
28%
Estelle
26%
Sabine
25%
Sabrina
25%
Elisabeth
24%
Grégory
24%
Hervé
24%
Michael
24%
Muriel
23%
Cyril
19%
Myriam
18%
Sonia
18%
Agnès
17%
Lionel
17%
Nadia
16%
Angélique
14%
Jean-François
11%
Nadège
11%
Aucun quiz correspondant
Distribution des résultats
% des personnes avec chaque résultat
Percentile par nombre de réponses
Votre historique - résultats
Vous n’avez pas pris ce quiz